Llibreria de la Diputació descobreix llibres únics descobreix llibres únics
Descripción Física:
1 bossa de paper 32 x 25 cm
Idioma:
Catalán
MARC
| LEADER | 00000nrm a22000007a 4500 | ||
|---|---|---|---|
| 001 | 25007 | ||
| 008 | 211122b spa||||| |||| 00| 0 cat d | ||
| 080 | |a NBM-12-20 | ||
| 110 | |a Barcelona (Catalunya : Província). |b Llibreria |9 52413 | ||
| 245 | |a Llibreria de la Diputació |h [Bossa de paper] : |b descobreix llibres únics | ||
| 260 | |a Barcelona : |b Diputació de Barcelona ; |c [s.a.] | ||
| 300 | |a 1 bossa de paper |c 32 x 25 cm | ||
| 610 | 0 | |a Barcelona (Catalunya : Província). |b Llibreria |9 52413 | |
| 654 | |9 54098 |a Objectes publicitaris | ||
| 655 | 0 | |a Bosses |9 54970 | |
| 942 | |2 udc |c ARXIU |n 1 | ||
| 952 | |0 0 |1 0 |2 udc |4 0 |6 NBM1220 |7 1 |9 60817 |a Arxiu |b Arxiu |d 2021-11-22 |l 0 |o NBM-12-20 |p 25007 |r 2021-11-22 00:00:00 |w 2021-11-22 |y ARXIU | ||
| 999 | |c 80949 |d 80949 | ||